00000000nam##2200000za#4500
0019.570608
003CaOODSP
00520220623092432
007cr |||||||||||
008150406|1997||||xxc|||||o    f|0| 0 eng|d
040 |aCaOODSP|beng
043 |an-cn---
0861 |aC21-23/16-1997E-PDF
1101 |aCanada. |bIndustry Canada.
24510|aSustainable development - concepts, measures, market and policy failures at the open economy, industry and firm levels : |h[electronic resource]|boccasional paper number 16, October 1997 / |cby Philippe Crabbé.
260 |aOttawa - Ontario : |bIndustry Canada |cOctober 1997.
300 |a102p.|bfig., references
4901 |aOccasional paper|vNo. 16
500 |aThe catalogue number (C21-23/16-1997) and ISBN (0-662-63009-2) for the bilingual print edition have been incorrectly copied in this electronic publication.
590 |a11-09-Supp|b2011-06-30
7201 |aCrabbé, Philippe
77508|tLe développement durable : concepts, mesures et déficiences des marchés et des politiques au niveau de l'économie ouverte, de l'industrie et de l'entreprise : |w(CaOODSP)9.601256
7760#|tSustainable development: concepts, measures, market and policy failures at the open economy, industry and firm levels / |w(CaOODSP)9.529844
7760#|tLe développement durable: concepts, mesures et déficiences des marchés et des politiques au niveau de l'économie ouverte, de l'industrie et de l 'entreprise / |w(CaOODSP)9.529845
830#0|aOccasional paper (Canada. Industry Canada)|vNo. 16|w(CaOODSP)9.504752
85640|ahttp://publications.gc.ca|qPDF|s431 KB|uhttps://publications.gc.ca/collections/Collection/C21-23-16-1997E.pdf|yNo. 16